[Event "SR 3. liga A2 2015/2016"]
[Site "?"]
[Date "2015.10.25"]
[Round "2.1"]
[White "Tupy, Emil"]
[Black "Hagara, Vladimir"]
[Result "0-1"]
[WhiteElo "1702"]
[BlackElo "1845"]
[PlyCount "182"]
[EventDate "2016.??.??"]

1. Nf3 Nf6 2. d4 d5 3. Nc3 e6 4. g3 c5 5. e3 Nc6 6. Bg2 Be7 7. O-O a6 8. b3 O-O
9. Re1 Qc7 10. Bb2 cxd4 11. exd4 b5 12. Rc1 Bb7 13. a3 Rac8 14. Qe2 Rfe8 15.
Bh3 h6 16. b4 Bf8 17. Qd2 Rcd8 18. Re2 Bc8 19. Rce1 Bd6 20. Bg2 Be7 21. Kh1 Nd7
22. Nd1 Nb6 23. Ne3 Nb8 24. Ne5 N8d7 25. f4 Nxe5 26. dxe5 Nc4 27. Qc1 Nxb2 28.
Qxb2 Bb7 29. c3 Rc8 30. Rc2 Qb6 31. Nf1 Rc7 32. Rec1 Rec8 33. Nd2 Ba8 34. Nf3
Bc6 35. Nd4 Bb7 36. Nf3 Kf8 37. Nd4 Rc4 38. Nf3 Kg8 39. Nd4 Qc7 40. Bf1 Qb6 41.
Bxc4 Rxc4 42. Rf1 g6 43. h3 Bc8 44. Kh2 Bd7 45. g4 Qc7 46. Qc1 Kh7 47. Qe3 Bc8
48. Qd3 Kg7 49. Qe3 Bd7 50. f5 exf5 51. gxf5 Bg5 52. f6+ Kf8 53. Qe2 Rxc3 54.
Rxc3 Qxc3 55. Nf3 Bf4+ 56. Kg2 Bf5 57. Qf2 Be4 58. Qc5+ Qxc5 59. bxc5 Bxe5 60.
Kf2 Bxf6 61. c6 Bd8 62. Rc1 Bc7 63. Nd4 Ke7 64. Nb3 Bb6+ 65. Ke2 Kd6 66. Nd2
Bf5 67. h4 Bg4+ 68. Kd3 Bf5+ 69. Ke2 Kc7 70. Nb3 Be6 71. Nc5 a5 72. Nd3 d4 73.
Nf4 Bc4+ 74. Kf3 Kxc6 75. Nd3 Kd6 76. Nb2 Bd5+ 77. Ke2 Bc5 78. a4 bxa4 79. Nxa4
Bb4 80. Kd3 Ke5 81. Rc8 Be4+ 82. Kc4 d3 83. Nb2 d2 84. Re8+ Kf4 85. Rd8 Ke3 86.
Re8 f5 87. Rd8 Ke2 88. Rd4 Bc2 89. Rd8 Be4 90. Rd4 Be7 91. Rd7 Bf6 0-1

[Event "SR 3. liga A2 2015/2016"]
[Site "?"]
[Date "2015.10.25"]
[Round "2.1"]
[White "Klanica, Anton"]
[Black "Jancicka, Viliam"]
[Result "1/2-1/2"]
[WhiteElo "1739"]
[BlackElo "1666"]
[PlyCount "141"]
[EventDate "2016.??.??"]

1. e4 c5 2. Nf3 Nc6 3. d4 cxd4 4. Nxd4 e5 5. Nf3 Nf6 6. Bd3 Bc5 7. O-O h6 8.
Nc3 O-O 9. a3 a6 10. h3 Re8 11. Qe1 d5 12. Nxd5 Nxd5 13. exd5 Qxd5 14. Be4 Qd6
15. Bxc6 bxc6 16. Be3 Bxe3 17. Qxe3 c5 18. Rad1 Qc7 19. Rd5 e4 20. Nd2 Re5 21.
Rxe5 Qxe5 22. Qxe4 Qxe4 23. Nxe4 c4 24. b4 Bf5 25. Re1 Rd8 26. f3 Kf8 27. Kf2
Rd5 28. a4 Bd7 29. Nc5 Bc6 30. a5 c3 31. Nd3 Ba4 32. Re5 Rd6 33. Ne1 Bb5 34.
Rc5 Rd2+ 35. Kg3 Re2 36. Nd3 Rxc2 37. Nf2 Rb2 38. Nd1 Rxb4 39. Rc8+ Ke7 40.
Rxc3 Ra4 41. Ne3 Ke6 42. Nc2 Rxa5 43. Nd4+ Kd5 44. Nf5 Ra1 45. Nxg7 Bc4 46. Nf5
h5 47. Kf4 Ra4 48. Ke3 Rb4 49. Nd4 a5 50. Ra3 a4 51. Ra1 Bb3 52. Ne2 Rc4 53.
Nf4+ Kc5 54. Nd3+ Kb5 55. g4 hxg4 56. hxg4 f6 57. Nb2 Rc3+ 58. Kf4 Bc2 59. Nxa4
Bxa4 60. Rb1+ Kc6 61. Ra1 Bb5 62. Ra2 Kd6 63. Rb2 Bc6 64. Rf2 Ke6 65. Rf1 Bd5
66. Rf2 Bc4 67. Rb2 Bd5 68. Rf2 Rxf3+ 69. Rxf3 Bxf3 70. Kxf3 Ke5 71. Ke3
1/2-1/2

[Event "SR 3. liga A2 2015/2016"]
[Site "?"]
[Date "2015.10.25"]
[Round "2.2"]
[White "Takacs, Laszlo"]
[Black "Sebesta, Radovan"]
[Result "1-0"]
[WhiteElo "2147"]
[BlackElo "2013"]
[PlyCount "65"]
[EventDate "2016.??.??"]

1. e4 c5 2. Nf3 Nc6 3. d4 cxd4 4. Nxd4 g6 5. Be3 Bg7 6. c4 Nf6 7. Nc3 Ng4 8.
Qxg4 Nxd4 9. Qd1 Ne6 10. Bd3 O-O 11. O-O d6 12. Rc1 b6 13. Bb1 Bb7 14. Qd2 Re8
15. f4 Rc8 16. f5 Nc5 17. fxg6 hxg6 18. Qf2 Rf8 19. Nd5 e6 20. Nc3 Qe7 21. Bd4
Qg5 22. Bxg7 Kxg7 23. b4 Na6 24. Nb5 Qe5 25. Nxa7 Rb8 26. a3 Ba8 27. Nb5 f6 28.
Rcd1 Rh8 29. Qf4 g5 30. Qxe5 dxe5 31. Rd7+ Kg6 32. Ra7 Bb7 33. Nd6 1-0

[Event "SR 3. liga A2 2015/2016"]
[Site "?"]
[Date "2015.10.25"]
[Round "2.2"]
[White "Lanik, Miroslav"]
[Black "Rachela, Jozef"]
[Result "1/2-1/2"]
[WhiteElo "1906"]
[BlackElo "2041"]
[PlyCount "119"]
[EventDate "2016.??.??"]

1. e4 g6 2. d4 Bg7 3. Nc3 c6 4. Nf3 d6 5. Be2 Nf6 6. Bg5 Qa5 7. O-O Nbd7 8. Qd2
Qc7 9. Rad1 O-O 10. Bh6 Re8 11. Bxg7 Kxg7 12. Rfe1 a6 13. Bd3 e5 14. dxe5 dxe5
15. h3 Nc5 16. Qe3 Ne6 17. g3 Bd7 18. Bf1 Rad8 19. Rd2 Bc8 20. Red1 Rxd2 21.
Rxd2 b6 22. Bg2 Bb7 23. Ne2 c5 24. Nh2 Nd4 25. c3 Nxe2+ 26. Qxe2 Rd8 27. Ng4
Nxg4 28. hxg4 Bc8 29. f3 Rxd2 30. Qxd2 Qd7 31. Qxd7 Bxd7 32. Kf2 Be6 33. a3 Kf6
34. b4 a5 35. Bf1 Kg5 36. Be2 h5 37. gxh5 gxh5 38. Bd3 Bb3 39. Bb5 h4 40. gxh4+
Kxh4 41. Bd7 Kg5 42. Ke3 Bc2 43. Kd2 Bb1 44. Ke3 Ba2 45. Bc6 cxb4 46. cxb4 f6
47. Bd7 Bb3 48. bxa5 bxa5 49. Bf5 Bd1 50. Bd7 Kh4 51. f4 Kg3 52. fxe5 fxe5 53.
Bb5 Bc2 54. Bc4 Kg4 55. Bd5 Ba4 56. Bc4 Kg3 57. Bd3 Kg2 58. Bc4 Bc6 59. Bd3 Kg3
60. Bc4 1/2-1/2

[Event "SR 3. liga A2 2015/2016"]
[Site "?"]
[Date "2015.10.25"]
[Round "2.2"]
[White "Merva, Frantisek"]
[Black "Palka, Martin"]
[Result "1-0"]
[WhiteElo "2045"]
[BlackElo "1912"]
[PlyCount "81"]
[EventDate "2016.??.??"]

1. d4 d5 2. c4 e6 3. Nc3 Nf6 4. Bg5 Be7 5. e3 Nbd7 6. Nf3 O-O 7. Rc1 a6 8. cxd5
exd5 9. Bd3 Re8 10. O-O Nf8 11. Ne5 c6 12. a3 Ne6 13. f4 h6 14. Bh4 c5 15. Bxf6
Bxf6 16. Qh5 Rf8 17. Ng4 g6 18. Nxf6+ Qxf6 19. Qxh6 Qg7 20. Qxg7+ Kxg7 21. dxc5
Nxc5 22. Bb1 Nb3 23. Rcd1 d4 24. exd4 Rd8 25. d5 Bg4 26. Rde1 Nd2 27. Rf2 Nxb1
28. Rxb1 b5 29. Re1 Rab8 30. h3 Bc8 31. Re7 a5 32. Rd2 b4 33. axb4 Rxb4 34. Ra7
Bb7 35. Rxa5 Rxf4 36. Rc5 Re8 37. Rc7 Ba6 38. d6 Rf1+ 39. Kh2 Rd8 40. Ne4 Re1
41. Ng5 1-0

[Event "SR 3. liga A2 2015/2016"]
[Site "?"]
[Date "2015.10.25"]
[Round "2.2"]
[White "Skapikova, Lubica"]
[Black "Kalmar, Tamas"]
[Result "1/2-1/2"]
[WhiteElo "1902"]
[BlackElo "2017"]
[PlyCount "153"]
[EventDate "2016.??.??"]

1. e4 c6 2. d4 d5 3. e5 Bf5 4. Nd2 e6 5. g4 Bg6 6. Nb3 h5 7. g5 Bf5 8. Bd3 Bxd3
9. Qxd3 g6 10. Ne2 Nd7 11. f4 Qb6 12. c3 c5 13. dxc5 Bxc5 14. Nbd4 a6 15. a4
Ne7 16. a5 Qc7 17. Nf3 Rc8 18. b4 Ba7 19. Be3 Bxe3 20. Qxe3 Nf5 21. Qd3 Qc4 22.
Qxc4 Rxc4 23. Nd2 Rc7 24. Nb3 Ke7 25. Kf2 Rhc8 26. Rad1 Rc4 27. Nd2 R4c7 28.
Nb3 Rc6 29. Rd3 Ke8 30. Rb1 Rc4 31. Nd2 R4c7 32. Nb3 Rc6 33. Rbd1 R6c7 34. Nbd4
Nxd4 35. Rxd4 Nb8 36. R4d3 Nc6 37. Ke3 Ne7 38. Kd2 Nf5 39. Rc1 Rc4 40. Nd4 Nxd4
41. Rxd4 Kd7 42. Rc2 R8c6 43. Kd3 Kc7 44. Rxc4 Rxc4 45. Rf2 Kc6 46. Rf3 Kb5 47.
Kc2 d4 48. Rd3 dxc3 49. Rd7 Rxf4 50. Rxb7+ Kc4 51. Rc7+ Kxb4 52. Rb7+ Kxa5 53.
Kxc3 Ka4 54. Rb6 Ka5 55. Rb7 Re4 56. Rxf7 Rxe5 57. h4 Re4 58. Rf6 e5 59. Rxg6
Kb5 60. Re6 Kc5 61. Rxa6 Rxh4 62. Ra5+ Kd6 63. Ra6+ Ke7 64. Rh6 Kf7 65. Kd3 Rg4
66. Rxh5 Kg6 67. Rh8 Rxg5 68. Rg8+ Kf5 69. Rxg5+ Kxg5 70. Ke4 Kf6 71. Ke3 Kf5
72. Kf3 e4+ 73. Ke3 Ke5 74. Ke2 Kd4 75. Kd2 e3+ 76. Ke2 Ke4 77. Ke1 1/2-1/2

[Event "SR 3. liga A2 2015/2016"]
[Site "?"]
[Date "2015.10.25"]
[Round "2.2"]
[White "Matis, Tibor ml"]
[Black "Palka, Miroslav"]
[Result "0-1"]
[WhiteElo "1695"]
[BlackElo "1900"]
[PlyCount "44"]
[EventDate "2016.??.??"]

1. e4 c5 2. Nf3 d6 3. d4 cxd4 4. Nxd4 Nf6 5. Nc3 g6 6. f4 Nc6 7. h3 Bg7 8. Be3
O-O 9. Qd2 Qa5 10. Nb3 Qd8 11. g4 Na5 12. O-O-O Nxb3+ 13. cxb3 Qa5 14. Kb1 Rd8
15. Bd3 Bd7 16. Rdf1 Bc6 17. Rhg1 d5 18. exd5 Nxd5 19. Nxd5 Qxd5 20. Rd1 Qf3
21. h4 Rxd3 22. Qc1 Qxe3 0-1

[Event "SR 3. liga A2 2015/2016"]
[Site "?"]
[Date "2015.10.25"]
[Round "2.2"]
[White "Havlicek, Peter"]
[Black "Bugar, Peter"]
[Result "0-1"]
[WhiteElo "1803"]
[BlackElo "1602"]
[PlyCount "80"]
[EventDate "2016.??.??"]

1. e4 e6 2. d4 d5 3. e5 c5 4. c3 Nc6 5. Nf3 Qb6 6. b3 Bd7 7. Be2 cxd4 8. cxd4
Bb4+ 9. Bd2 Nxd4 10. Nc3 Nxe2 11. Qxe2 Rc8 12. Nd1 Bb5 13. Qe3 Qxe3+ 14. Nxe3
Bxd2+ 15. Kxd2 Ne7 16. Nd4 Ba6 17. Rac1 Kd7 18. f4 Ng6 19. g3 Rxc1 20. Rxc1 Rc8
21. Rxc8 Kxc8 22. b4 b6 23. Kc3 Kd7 24. a4 f6 25. exf6 gxf6 26. Ng4 Ke7 27.
Nc6+ Kf7 28. Nxa7 Ne7 29. Kd4 Nf5+ 30. Kc3 d4+ 31. Kd2 h5 32. Nf2 e5 33. Ne4
Bb7 34. Kd3 Ke6 35. a5 Bxe4+ 36. Kxe4 Nd6+ 37. Kd3 bxa5 38. bxa5 Kd7 39. a6 Kc7
40. fxe5 fxe5 0-1

[Event "SR 3. liga A2 2015/2016"]
[Site "?"]
[Date "2015.10.25"]
[Round "2.2"]
[White "Mezes, Kristof"]
[Black "Kir, Kvetoslav"]
[Result "0-1"]
[WhiteElo "1511"]
[BlackElo "1856"]
[PlyCount "68"]
[EventDate "2016.??.??"]

1. d4 Nf6 2. c4 g6 3. Nc3 Bg7 4. Nf3 d6 5. e4 O-O 6. Be3 Re8 7. Bd3 e5 8. d5 c5
9. O-O Nbd7 10. Qc2 Nf8 11. a3 h6 12. b4 b6 13. Qb3 g5 14. h3 Ng6 15. a4 Nh5
16. a5 Ngf4 17. Be2 g4 18. hxg4 Bxg4 19. axb6 Nxe2+ 20. Nxe2 Bxf3 21. gxf3 axb6
22. Ng3 Rxa1 23. Rxa1 Nf4 24. Kf1 Qh4 25. Ke1 Qh2 26. Nf1 Qh1 27. Ra6 Qxf3 28.
Qc2 cxb4 29. Rxb6 Ra8 30. Ng3 Ng2+ 31. Kd2 Nxe3 32. Qd3 Qxf2+ 33. Ne2 Ra2+ 34.
Kc1 Qe1+ 0-1

[Event "SR 3. liga A2 2015/2016"]
[Site "?"]
[Date "2015.10.25"]
[Round "2.2"]
[White "Lauko, Tomas"]
[Black "Raso, Filip"]
[Result "1-0"]
[WhiteElo "1709"]
[BlackElo "1513"]
[PlyCount "79"]
[EventDate "2016.??.??"]

1. e4 e6 2. d4 d5 3. e5 Nc6 4. Nf3 g6 5. Bb5 Bg7 6. Bg5 Qd7 7. Qd2 a6 8. Ba4 b5
9. Bb3 Nge7 10. a4 b4 11. a5 Rb8 12. Ba4 O-O 13. Bxe7 Qxe7 14. Bxc6 f6 15. Qe3
fxe5 16. Nxe5 Bf6 17. Nd2 Bg5 18. Qe2 Qf6 19. Ndf3 Bh6 20. Bd7 Bb7 21. Ng4 Qf4
22. Nxh6+ Qxh6 23. Bxe6+ Kh8 24. Qe5+ Qg7 25. O-O-O Rf6 26. Bxd5 Bxd5 27. Qxd5
c6 28. Qc4 Ra8 29. Rhe1 h6 30. Re6 Rff8 31. Rde1 h5 32. Re7 Qh6+ 33. Kb1 Qf4
34. Ne5 Qf6 35. Qd3 Kg8 36. Nxg6 Rfd8 37. Nf4 c5 38. Qh7+ Kf8 39. Ng6+ Qxg6 40.
Qxg6 1-0

[Event "SR 3. liga A2 2015/2016"]
[Site "?"]
[Date "2015.10.25"]
[Round "2.3"]
[White "Stanec, Stanislav"]
[Black "Jablonicky, Martin"]
[Result "1/2-1/2"]
[WhiteElo "2167"]
[BlackElo "2193"]
[PlyCount "94"]
[EventDate "2016.??.??"]

1. Nf3 Nf6 2. c4 g6 3. d4 Bg7 4. Nc3 d5 5. cxd5 Nxd5 6. e4 Nxc3 7. bxc3 c5 8.
Be3 Qa5 9. Bd2 O-O 10. Qc2 Qc7 11. Rc1 Bg4 12. Be2 Bxf3 13. Bxf3 cxd4 14. cxd4
Qxc2 15. Rxc2 Bxd4 16. Rc7 Nc6 17. Rxb7 Rab8 18. Rc7 Ne5 19. Be2 Rfd8 20. Rc2
Rb1+ 21. Bc1 Bb2 22. O-O Bxc1 23. Rfxc1 Rxc1+ 24. Rxc1 Rd2 25. Kf1 Rxa2 26. f4
Nd7 27. Rc7 Nf6 28. Rxe7 Kf8 29. Rxf7+ Kxf7 30. Bc4+ Ke7 31. Bxa2 Nxe4 32. Bg8
Nf6 33. Ba2 Ne4 34. Bd5 Nc3 35. Bc4 a5 36. Ke1 Kf6 37. Kd2 Ne4+ 38. Ke3 Nd6 39.
Bb3 h5 40. h3 h4 41. Kf3 Nf5 42. Ba4 g5 43. Ke4 Nd6+ 44. Kf3 Nc4 45. fxg5+ Kxg5
46. g3 Nd2+ 47. Kg2 hxg3 1/2-1/2

[Event "SR 3. liga A2 2015/2016"]
[Site "?"]
[Date "2015.10.25"]
[Round "2.3"]
[White "Vepy, Ivan"]
[Black "Slobodnik, Michal"]
[Result "0-1"]
[WhiteElo "1938"]
[BlackElo "1977"]
[PlyCount "68"]
[EventDate "2016.??.??"]

1. e4 Nf6 2. e5 Nd5 3. c4 Nb6 4. d4 d6 5. exd6 cxd6 6. Nf3 g6 7. Nc3 Bg7 8. Be3
O-O 9. Qd2 Be6 10. b3 Bg4 11. Be2 Nc6 12. h3 Bxf3 13. Bxf3 e5 14. Bxc6 bxc6 15.
O-O f5 16. Bh6 Bxh6 17. Qxh6 exd4 18. Ne2 Qf6 19. Rad1 c5 20. Rd3 Rae8 21. Nf4
g5 22. Qxf6 Rxf6 23. Rg3 h6 24. Nh5 Rg6 25. f4 Kf7 26. fxg5 Rxg5 27. Rxg5 hxg5
28. Rxf5+ Kg6 29. Ng3 d3 30. Rf1 d5 31. Rd1 dxc4 32. bxc4 Rd8 33. Ne4 Na4 34.
Nf2 d2 0-1

[Event "SR 3. liga A2 2015/2016"]
[Site "?"]
[Date "2015.10.25"]
[Round "2.3"]
[White "Horecky, Peter"]
[Black "Harastova, Viera"]
[Result "1-0"]
[WhiteElo "2007"]
[BlackElo "1895"]
[PlyCount "85"]
[EventDate "2016.??.??"]

1. d4 d5 2. c4 Nf6 3. cxd5 Nxd5 4. Nf3 Nc6 5. e4 Nb6 6. Nc3 Bg4 7. d5 Bxf3 8.
Qxf3 Nd4 9. Qd1 e5 10. Be3 Bc5 11. a3 Nd7 12. Na4 Qf6 13. Nxc5 Nxc5 14. f3 Rc8
15. Rc1 Nd7 16. Bxd4 exd4 17. Rc4 d3 18. Rc3 Qb6 19. Qd2 O-O 20. Bxd3 Ne5 21.
Qf2 Nxd3+ 22. Rxd3 Qxf2+ 23. Kxf2 Rfd8 24. f4 Rd7 25. Rhd1 Rcd8 26. b4 Kf8 27.
g4 Ke7 28. e5 c6 29. d6+ Ke6 30. Kf3 g6 31. Rg1 f6 32. Ke4 fxe5 33. fxe5 Rf8
34. Rgg3 Rff7 35. Rgf3 a6 36. a4 Rd8 37. Rxf7 Kxf7 38. Rf3+ Ke8 39. a5 Rd7 40.
Kd4 Rd8 41. Kc5 Kd7 42. Rf7+ Ke6 43. Re7# 1-0

[Event "SR 3. liga A2 2015/2016"]
[Site "?"]
[Date "2015.10.25"]
[Round "2.3"]
[White "Vogl, Zdenek"]
[Black "Zigo, Rastislav"]
[Result "0-1"]
[WhiteElo "1906"]
[BlackElo "1985"]
[PlyCount "58"]
[EventDate "2016.??.??"]

1. e4 c5 2. Nf3 Nc6 3. d4 cxd4 4. Nxd4 a6 5. Be3 d6 6. Be2 Nf6 7. Nc3 e6 8. Qd2
Be7 9. h3 Qc7 10. a3 O-O 11. O-O Ne5 12. Nf3 Nc4 13. Bxc4 Qxc4 14. e5 dxe5 15.
Nxe5 Qc7 16. f4 b5 17. Qf2 Nd7 18. Nxd7 Bxd7 19. Ne4 Rac8 20. c3 Rfd8 21. Bb6
Qc4 22. Bxd8 Rxd8 23. Qc2 Bc6 24. Ng5 g6 25. Rad1 Rxd1 26. Qxd1 h6 27. Nf3 Qxf4
28. Nd4 Qe3+ 29. Kh1 Qxh3+ 0-1

[Event "SR 3. liga A2 2015/2016"]
[Site "?"]
[Date "2015.10.25"]
[Round "2.3"]
[White "Lukacovic, Miroslav"]
[Black "Hrubsa, Marian"]
[Result "0-1"]
[WhiteElo "2012"]
[BlackElo "1784"]
[PlyCount "56"]
[EventDate "2016.??.??"]

1. d4 d5 2. c4 e6 3. Nf3 Nf6 4. g3 c6 5. Bg2 Bd6 6. Nbd2 O-O 7. O-O Nbd7 8. b3
e5 9. dxe5 Nxe5 10. Bb2 Nxf3+ 11. Bxf3 dxc4 12. Nxc4 Bc7 13. Qc2 Re8 14. Rad1
Qe7 15. Qc3 Bh3 16. Rfe1 Rad8 17. Rxd8 Rxd8 18. e4 Ne8 19. Ne3 Be6 20. Nf5 Qg5
21. h4 Qd2 22. Nh6+ Qxh6 23. Bc1 Qf6 24. e5 Qg6 25. Re3 Bb6 26. Be4 Rd1+ 27.
Re1 Rxe1+ 28. Qxe1 Qxg3+ 0-1

[Event "SR 3. liga A2 2015/2016"]
[Site "?"]
[Date "2015.10.25"]
[Round "2.3"]
[White "Planka, Peter"]
[Black "Cmarada, Juraj"]
[Result "1-0"]
[WhiteElo "1743"]
[BlackElo "1678"]
[PlyCount "101"]
[EventDate "2016.??.??"]

1. e4 c5 2. Nf3 d6 3. d4 cxd4 4. Nxd4 Nf6 5. Nc3 a6 6. Be2 e6 7. O-O Be7 8. Be3
O-O 9. Qd2 Qc7 10. Rad1 Nc6 11. f3 Bd7 12. Kh1 Ne5 13. Rc1 Rac8 14. Bd3 Nc4 15.
Bxc4 Qxc4 16. Qd3 Qc7 17. Nce2 b5 18. c3 Rfd8 19. Bf2 g6 20. Rfd1 e5 21. Nc2
Be6 22. Nb4 Bc4 23. Qc2 a5 24. Nd3 Nh5 25. b3 Be6 26. Be3 f5 27. Nf2 f4 28. Bd2
Qb6 29. Be1 Kh8 30. Rd3 Nf6 31. Rcd1 h5 32. Qb2 Kh7 33. Nh3 Bxh3 34. gxh3 g5
35. Ng1 Rg8 36. Qd2 Rcd8 37. Bf2 Qc6 38. Qe2 Rg6 39. Re1 Kg7 40. Qd1 Rh8 41.
Qe2 g4 42. hxg4 hxg4 43. fxg4 Nxg4 44. Nf3 Rgh6 45. Bg1 Qe8 46. Rd2 Qg6 47. Qf1
Rh3 48. Rg2 Rg3 49. Ree2 Kf7 50. Rxg3 fxg3 51. Nxe5+ 1-0

[Event "SR 3. liga A2 2015/2016"]
[Site "?"]
[Date "2015.10.25"]
[Round "2.3"]
[White "Foltinovic, Tomas"]
[Black "Zlamal, Marek"]
[Result "1/2-1/2"]
[WhiteElo "1660"]
[BlackElo "1697"]
[PlyCount "105"]
[EventDate "2016.??.??"]

1. d4 d5 2. Nf3 Nc6 3. c3 Bg4 4. h3 Bh5 5. Bf4 f6 6. Nbd2 e6 7. Qb3 Rb8 8. e3
Bd6 9. Be2 Nge7 10. Bxd6 cxd6 11. g4 Bf7 12. Nh2 Qc7 13. f4 e5 14. Qa4 a6 15.
Nhf3 Kd7 16. Kf2 b5 17. Qb3 Ng6 18. f5 Nge7 19. Nh4 Na5 20. Qc2 Nec6 21. Nhf3
Rbc8 22. a4 Qb6 23. axb5 axb5 24. Qb1 g5 25. b4 Nc4 26. Nxc4 dxc4 27. Qa2 Rc7
28. Qa6 Qb8 29. Qa2 e4 30. Nd2 d5 31. Qb2 Rcc8 32. Qc1 h5 33. Qg1 hxg4 34. Bxg4
Bh5 35. Qg3 Qb7 36. Kg2 Ra8 37. Qe1 Bf7 38. Rxa8 Rxa8 39. h4 Rg8 40. h5 Rh8 41.
Nf1 Qa7 42. Ng3 Qa2+ 43. Qe2 Qb3 44. Rc1 Ra8 45. Rc2 Ne7 46. Qd2 Ng8 47. Rb2
Qa3 48. Qc1 Nh6 49. Be2 g4 50. Qd2 Bg8 51. Rc2 Bh7 52. Bd1 Qa1 53. Rc1 1/2-1/2

[Event "SR 3. liga A2 2015/2016"]
[Site "?"]
[Date "2015.10.25"]
[Round "2.4"]
[White "Diviak, Rastislav"]
[Black "Lopatievov, Alexander"]
[Result "1-0"]
[WhiteElo "1955"]
[BlackElo "1901"]
[PlyCount "39"]
[EventDate "2016.??.??"]

1. e4 c6 2. d4 d5 3. Nc3 dxe4 4. Nxe4 Bf5 5. Ng3 Bg6 6. h4 h6 7. Nf3 e6 8. h5
Bh7 9. Bd3 Bxd3 10. Qxd3 Nf6 11. Bd2 Nbd7 12. O-O-O Bd6 13. Ne4 Nxe4 14. Qxe4
Nf6 15. Qe2 Qb6 16. c4 Bb4 17. Ne5 Bxd2+ 18. Qxd2 Rd8 19. g4 Qa6 20. Kb1 {
Cierny pouzil mobil bez prechadzajuceho oznamenia rozhodcovi} 1-0

[Event "SR 3. liga A2 2015/2016"]
[Site "?"]
[Date "2015.10.25"]
[Round "2.4"]
[White "Mackovic, Matus"]
[Black "Ocko, Martin"]
[Result "1/2-1/2"]
[WhiteElo "1979"]
[BlackElo "1948"]
[PlyCount "48"]
[EventDate "2016.??.??"]

1. e4 e5 2. Nf3 Nc6 3. Bb5 Nd4 4. Nxd4 exd4 5. c3 Bc5 6. O-O c6 7. Bc4 d5 8.
exd5 cxd5 9. Bb5+ Kf8 10. cxd4 Bxd4 11. Nc3 Ne7 12. d3 Qb6 13. Ba4 Qg6 14. Kh1
Bf5 15. Bc2 Rc8 16. Ne2 Be5 17. Bf4 Qd6 18. Bxe5 Qxe5 19. Rb1 g6 20. Ng3 b6 21.
Qd2 h5 22. Bb3 h4 23. Nxf5 Qxf5 24. h3 Nc6 1/2-1/2

[Event "SR 3. liga A2 2015/2016"]
[Site "?"]
[Date "2015.10.25"]
[Round "2.4"]
[White "Nemeckay, Rastislav"]
[Black "Zarecky, Eduard"]
[Result "1-0"]
[WhiteElo "1983"]
[BlackElo "1903"]
[PlyCount "61"]
[EventDate "2016.??.??"]

1. e4 e5 2. Nf3 Nc6 3. Bb5 d6 4. d4 Bd7 5. O-O Nf6 6. Re1 exd4 7. Nxd4 Nxd4 8.
Bxd7+ Nxd7 9. Qxd4 Ne5 10. Nc3 Qd7 11. Bf4 Nc6 12. Qd2 O-O-O 13. Nd5 g6 14. Bg5
Be7 15. Nxe7+ Nxe7 16. Qe3 Kb8 17. Qb3 h6 18. Bf6 Rh7 19. Rad1 Re8 20. e5 Nc8
21. exd6 Qxd6 22. Qc3 Rxe1+ 23. Rxe1 Qd5 24. b3 b6 25. Qe3 Nd6 26. c4 Qf5 27.
Qd4 g5 28. Be5 Nb7 29. Bg3 a6 30. Qxb6 Qd7 31. Bxc7+ 1-0

[Event "SR 3. liga A2 2015/2016"]
[Site "?"]
[Date "2015.10.25"]
[Round "2.4"]
[White "Mackovic, Miroslav"]
[Black "Danada, Ondrej"]
[Result "0-1"]
[WhiteElo "1890"]
[BlackElo "1925"]
[PlyCount "55"]
[EventDate "2016.??.??"]

1. e4 c6 2. d4 d5 3. Nc3 dxe4 4. Nxe4 Bf5 5. Ng3 Bg6 6. Nf3 Nd7 7. h4 h6 8. h5
Bh7 9. Bd3 Bxd3 10. Qxd3 Qc7 11. O-O Ngf6 12. Re1 e6 13. Ne5 c5 14. c3 Bd6 15.
f4 cxd4 16. cxd4 O-O 17. a3 Rac8 18. Bd2 Qc2 19. Qxc2 Rxc2 20. Bc3 Nb6 21. Rac1
Rxc1 22. Rxc1 Rc8 23. Bd2 Rxc1+ 24. Bxc1 Na4 25. Nd3 b5 26. b4 Nc3 27. Kf2 Ncd5
28. Ne4 0-1

[Event "SR 3. liga A2 2015/2016"]
[Site "?"]
[Date "2015.10.25"]
[Round "2.4"]
[White "Skapik, Branislav"]
[Black "Gajarsky, Julius"]
[Result "1/2-1/2"]
[WhiteElo "1881"]
[BlackElo "1808"]
[PlyCount "79"]
[EventDate "2016.??.??"]

1. Nf3 d5 2. g3 Nf6 3. Bg2 c5 4. d4 cxd4 5. Nxd4 e5 6. Nb3 Be6 7. c4 Bb4+ 8.
Bd2 Qb6 9. Bxb4 Qxb4+ 10. Qd2 Qxc4 11. Na3 Qc7 12. Rc1 Nc6 13. Nc5 O-O 14. Nb5
Qe7 15. O-O Rac8 16. Rfd1 a6 17. Nc3 Rfd8 18. Qe1 b5 19. Nxe6 fxe6 20. e3 e4
21. a3 Ne5 22. Qe2 Nd3 23. Rc2 b4 24. axb4 Qxb4 25. Bh3 Kf7 26. Rdd2 Qb7 27. f3
Nb4 28. Rc1 Ke7 29. Rf1 Rf8 30. Rfd1 Rcd8 31. Na4 Qb5 32. Qxb5 axb5 33. Nc5
exf3 34. Nxe6 Ne4 35. Nxd8 Nxd2 36. Rxd2 Rxd8 37. Kf2 h5 38. Kxf3 Rf8+ 39. Ke2
Kd6 40. Bg2 1/2-1/2

[Event "SR 3. liga A2 2015/2016"]
[Site "?"]
[Date "2015.10.25"]
[Round "2.4"]
[White "Bango, Dominik"]
[Black "Likavska, Barbora"]
[Result "1/2-1/2"]
[WhiteElo "1682"]
[BlackElo "1870"]
[PlyCount "34"]
[EventDate "2016.??.??"]

1. e4 c5 2. Nf3 d6 3. d4 cxd4 4. Nxd4 Nf6 5. Nc3 e5 6. Nb3 Be6 7. Bd3 Be7 8.
O-O O-O 9. Qe2 Nc6 10. Be3 a6 11. Bc4 Bxc4 12. Qxc4 Rc8 13. Qe2 b5 14. Rfd1 Qc7
15. f3 Rfd8 16. Bf2 Rd7 17. Rd2 Qb7 1/2-1/2

[Event "SR 3. liga A2 2015/2016"]
[Site "?"]
[Date "2015.10.25"]
[Round "2.4"]
[White "Diviak, Rudolf"]
[Black "Dobis, Pavol"]
[Result "1-0"]
[WhiteElo "1811"]
[BlackElo "1737"]
[PlyCount "47"]
[EventDate "2016.??.??"]

1. e4 c5 2. Bc4 d6 3. c3 Nc6 4. Bb3 e6 5. Qe2 a6 6. Nf3 Nf6 7. d3 h6 8. O-O Be7
9. Re1 O-O 10. Nbd2 b5 11. d4 cxd4 12. cxd4 Bb7 13. Nf1 Rc8 14. Ng3 Rc7 15. Bd2
Qc8 16. Rac1 d5 17. Bf4 Rd7 18. e5 Ne8 19. Bc2 f5 20. exf6 Nxf6 21. Qxe6+ Kh8
22. Qh3 Bd6 23. Ne5 Rc7 24. Ng6+ 1-0

[Event "SR 3. liga A2 2015/2016"]
[Site "?"]
[Date "2015.10.25"]
[Round "2.5"]
[White "Danada, Tomas"]
[Black "Nemsak, Denis"]
[Result "1/2-1/2"]
[WhiteElo "2116"]
[BlackElo "2051"]
[PlyCount "64"]
[EventDate "2016.??.??"]

1. d4 d5 2. c4 c6 3. Nf3 Nf6 4. e3 e6 5. Nc3 Nbd7 6. Bd3 dxc4 7. Bxc4 b5 8. Be2
Bb7 9. e4 b4 10. e5 bxc3 11. exf6 cxb2 12. fxg7 bxa1=Q 13. gxh8=Q Qxa2 14. Qxh7
a5 15. h4 a4 16. h5 a3 17. h6 Qd5 18. Qhc2 a2 19. h7 a1=Q 20. h8=Q Ra2 21. Bd2
Qxd1+ 22. Qxd1 c5 23. O-O Qb6 24. Bh6 Rxe2 25. Bxf8 Nxf8 26. Qxe2 Ba6 27. dxc5
Bxe2 28. cxb6 Bxf1 29. b7 Qxb7 30. Kxf1 Qd5 31. Qd4 Qxd4 32. Nxd4 e5 1/2-1/2

[Event "SR 3. liga A2 2015/2016"]
[Site "?"]
[Date "2015.10.25"]
[Round "2.5"]
[White "Mihalik, Marek"]
[Black "Travnicek, Petr"]
[Result "1-0"]
[WhiteElo "2017"]
[BlackElo "2090"]
[PlyCount "103"]
[EventDate "2016.??.??"]

1. d4 Nf6 2. c4 g6 3. Nc3 Bg7 4. e4 d6 5. h3 O-O 6. Bg5 c5 7. d5 Na6 8. Nf3 Nc7
9. Bd3 a6 10. O-O b5 11. Qd2 bxc4 12. Bxc4 Rb8 13. Rfe1 Nd7 14. Rad1 f6 15. Bf4
Ne5 16. Nxe5 fxe5 17. Be3 Nb5 18. Nxb5 axb5 19. Bd3 Bd7 20. Rc1 Ra8 21. Bb1 Qa5
22. Qxa5 Rxa5 23. b4 cxb4 24. Rc7 Rd8 25. Rb7 Ra6 26. Bd3 Kf7 27. Rxd7 Rxd7 28.
Bxb5 Rda7 29. Bxa6 Rxa6 30. Re2 e6 31. dxe6+ Kxe6 32. Rb2 Bf8 33. Bd2 d5 34.
exd5+ Kxd5 35. Bxb4 Bxb4 36. Rxb4 Rxa2 37. Rb7 Ke6 38. Rxh7 Kf5 39. Rf7+ Ke6
40. Rf8 Ke7 41. Rf3 Ra8 42. Kh2 Ra5 43. g4 Rb5 44. h4 Ra5 45. Kg3 Rb5 46. g5
Rb6 47. h5 gxh5 48. Kh4 Rc6 49. Kxh5 Rd6 50. g6 Rd1 51. g7 Rh1+ 52. Kg6 1-0

[Event "SR 3. liga A2 2015/2016"]
[Site "?"]
[Date "2015.10.25"]
[Round "2.5"]
[White "Veselsky, Jozef"]
[Black "Stepanovic, Branislav"]
[Result "1-0"]
[WhiteElo "2075"]
[BlackElo "2002"]
[PlyCount "61"]
[EventDate "2016.??.??"]

1. d4 d5 2. Nf3 Nf6 3. c4 e6 4. Nc3 Be7 5. Bg5 O-O 6. e3 Nbd7 7. Bd3 c5 8. cxd5
exd5 9. O-O b6 10. Rc1 Bb7 11. Bb1 Rc8 12. Bf5 g6 13. Bh3 c4 14. Ne5 Ra8 15. f4
Nxe5 16. fxe5 Ne4 17. Bh6 Nxc3 18. Rxc3 Bb4 19. Rc2 Re8 20. Qf3 Qc7 21. Rcf2
Bf8 22. Bg5 f5 23. exf6 Qf7 24. Bd7 Re4 25. Ba4 h6 26. Bf4 Qxf6 27. Qg3 g5 28.
Be5 Qe6 29. Rf6 Qg4 30. Qf2 Qc8 31. Rg6+ 1-0